Cái mới trong lí luận kinh tế hiện đại

Tìm kiếm một hệ phương pháp luận mới thay thế cho hệ phương pháp luận cũ đang trở nên bất lực trước những biến đổi của nền văn minh chung, đó là nội dung chính của tập chuyên khảo này. Sách có sử dụng nhiều tài liệu của các nhà kinh...

全面介绍

Đã lưu trong:
书目详细资料
主要作者: Viện Thông tin Khoa học xã hội Việt Nam
格式: 图书
语言:Undetermined
出版: Hà Nội KHXH 1996
主题:
标签: 添加标签
没有标签, 成为第一个标记此记录!
Thư viện lưu trữ: Trung tâm Học liệu Trường Đại học Cần Thơ
LEADER 01150nam a2200193Ia 4500
001 CTU_12347
008 210402s9999 xx 000 0 und d
082 |a 330.1 
082 |b V305 
100 |a Viện Thông tin Khoa học xã hội Việt Nam 
245 0 |a Cái mới trong lí luận kinh tế hiện đại 
245 0 |c Viện Thông tin Khoa học xã hội Việt Nam 
260 |a Hà Nội 
260 |b KHXH 
260 |c 1996 
520 |a Tìm kiếm một hệ phương pháp luận mới thay thế cho hệ phương pháp luận cũ đang trở nên bất lực trước những biến đổi của nền văn minh chung, đó là nội dung chính của tập chuyên khảo này. Sách có sử dụng nhiều tài liệu của các nhà kinh tế đương đại có những công trình nghiên cứu kinh tế nổi tiếng giành được những giải thưởng lớn. 
650 |a economics 
904 |i Nguyễn Quang Điền, 961113 
980 |a Trung tâm Học liệu Trường Đại học Cần Thơ